Sports Quiz

Random Sports or Hockey Quiz

NHL Stats Leaders (1990s) Quiz Stats

 Plays Quiz Updated May 31, 2015

Challenge
Share
Tweet
Embed
Score 0/200 Timer 19:00
7 Plays Today
% Correct
Wayne Gretzky
89.9%
Wayne Gretzky
89.9%
Wayne Gretzky
89.9%
Wayne Gretzky
89.1%
Mario Lemieux
78.8%
Mario Lemieux
78.8%
Mario Lemieux
78.8%
Mario Lemieux
78.8%
Brett Hull
78.7%
Brett Hull
78.7%
Brett Hull
78.7%
Brett Hull
78.7%
Brett Hull
78.7%
Brett Hull
78.6%
Mario Lemieux
78.5%
Jaromir Jagr
77.7%
Jaromir Jagr
77.7%
Jaromir Jagr
77.7%
Jaromir Jagr
77.7%
Brett Hull
77%
Mario Lemieux
75.9%
Jaromir Jagr
74.4%
Jaromir Jagr
74.2%
Steve Yzerman
73.1%
Steve Yzerman
73%
Steve Yzerman
73%
Steve Yzerman
73.1%
Steve Yzerman
73.1%
Patrick Roy
72.6%
Patrick Roy
72.6%
Patrick Roy
72.6%
Patrick Roy
72.6%
Patrick Roy
72.6%
Mark Messier
71.5%
Mark Messier
71.5%
Mark Messier
70.4%
Steve Yzerman
68.5%
Martin Brodeur
68.1%
Martin Brodeur
68.1%
Martin Brodeur
68.1%
Martin Brodeur
68.1%
Joe Sakic
68%
Joe Sakic
68%
Joe Sakic
68%
Joe Sakic
68%
Joe Sakic
68%
Dominik Hasek
67.9%
Dominik Hasek
67.9%
Dominik Hasek
67.9%
Dominik Hasek
67.9%
Raymond Bourque
67.7%
Raymond Bourque
67.7%
Raymond Bourque
67.7%
Raymond Bourque
67.7%
Eric Lindros
66.6%
Eric Lindros
66.6%
Eric Lindros
66.6%
Eric Lindros
66.6%
Raymond Bourque
66.3%
Teemu Selänne
62.7%
Teemu Selänne
62.7%
Teemu Selänne
62.5%
Brian Leetch
61.9%
Brian Leetch
61.9%
Brian Leetch
61.9%
Teemu Selänne
61.1%
Ed Belfour
60.2%
% Correct
Ed Belfour
60.2%
Ed Belfour
60.2%
Ed Belfour
60.2%
Ed Belfour
60.2%
Luc Robitaille
60%
Luc Robitaille
60%
Scott Stevens
59.5%
Kevin Stevens
59.4%
Adam Oates
58.7%
Adam Oates
58.7%
Adam Oates
58.7%
Pavel Bure
58.5%
Pavel Bure
58.5%
Adam Oates
58.1%
Pavel Bure
57.9%
Ron Francis
57.4%
Ron Francis
57.4%
Ron Francis
57.4%
Nicklas Lidström
57.2%
Paul Kariya
57.1%
Al MacInnis
56.7%
Al MacInnis
55.4%
Al MacInnis
55.4%
Al MacInnis
55.4%
Paul Kariya
55.3%
Paul Coffey
55.2%
Paul Coffey
55.2%
Theoren Fleury
55.2%
Theoren Fleury
55.2%
Theoren Fleury
55.2%
Theoren Fleury
55.2%
Chris Osgood
55.1%
Chris Osgood
55.1%
Chris Osgood
55.1%
Chris Osgood
55.1%
Pat LaFontaine
54.6%
Chris Chelios
54.4%
Jeremy Roenick
54%
Jeremy Roenick
54%
Jeremy Roenick
54%
Brendan Shanahan
53.9%
Peter Forsberg
53.6%
Pat LaFontaine
53.5%
Pat LaFontaine
53.5%
Cam Neely
53.1%
Sergei Fedorov
52.7%
Sergei Fedorov
52.7%
Brendan Shanahan
51.9%
Brendan Shanahan
51.9%
Cam Neely
50%
Cam Neely
50%
Mike Richter
49.8%
Grant Fuhr
49.5%
Mark Recchi
49.2%
Mark Recchi
49.2%
Mark Recchi
49.2%
Tie Domi
49%
Curtis Joseph
48.5%
Curtis Joseph
48.5%
John LeClair
47.9%
Doug Gilmour
47.3%
Mike Vernon
46.9%
Pierre Turgeon
46.3%
Pierre Turgeon
45%
Pierre Turgeon
45%
Pierre Turgeon
45%
Pierre Turgeon
45%
% Correct
John Vanbiesbrouck
44.1%
John Vanbiesbrouck
44%
Peter Bondra
43.5%
Peter Bondra
43.5%
Olaf Kölzig
42.2%
Ron Hextall
41.9%
Larry Murphy
40.6%
Larry Murphy
40.6%
Larry Murphy
40.6%
Keith Tkachuk
39.8%
Phil Housley
39.4%
Phil Housley
39.4%
Tom Barrasso
38.8%
Bob Probert
38.6%
Felix Potvin
38.2%
Joe Nieuwendyk
37.9%
Rob Ray
37.7%
Dave Andreychuk
37.5%
Sergei Zubov
35.9%
Andy Moog
35.8%
Andy Moog
35.8%
Adam Graves
35.6%
Rod Brind'Amour
33.9%
Bill Ranford
33.6%
Marty McSorley
32.5%
Vincent Damphousse
31.7%
Jim Carey
31.5%
Kirk McLean
31%
Mike Gartner
29.3%
Kevin Hatcher
28.2%
Gary Roberts
27.5%
Gary Roberts
27.5%
Gary Suter
27.1%
Sean Burke
26.8%
Pat Verbeek
26%
Pat Verbeek
26%
Nikolai Khabibulin
24.5%
Guy Hebert
24.2%
Guy Hebert
24.2%
Vladimir Konstantinov
21%
Jeff Brown
19.9%
Gino Odjick
19.3%
Byron Dafoe
18.6%
Byron Dafoe
18.6%
Sandis Ozolinsh
18.5%
Doug Wilson
17.6%
Trevor Kidd
17.4%
Steve Duchesne
15.3%
Miroslav Satan
15.2%
Kelly Miller
14.7%
Mike Dunham
13.9%
Paul MacLean
13.8%
Craig Simpson
13.8%
Damian Rhodes
13.2%
Ray Ferraro
10.5%
Reggie Lemelin
10.4%
Craig Berube
10.1%
Dave Manson
9.3%
Sergei Makarov
9.2%
Kelly Chase
8.5%
Shane Churla
8.4%
Mike Ridley
7.5%
Mike Peluso
6.9%
Dave Reid
5.8%
Rick Wamsley
5.6%
Vincent Riendeau
5.5%

You're not logged in!

Compare scores with friends on all Sporcle quizzes.
Join for Free
OR
Log In

You Might Also Like...

Show Comments

Extras

Top Quizzes Today


Score Distribution

Your Account Isn't Verified!

In order to create a playlist on Sporcle, you need to verify the email address you used during registration. Go to your Sporcle Settings to finish the process.

Report this User

Report this user for behavior that violates our Community Guidelines.

Details: